Planning procedures for construction projects in the National Capital Region : installations.

Bibliographic Details
Corporate Author: United States. Department of the Army
Format: Government Document Book
Language:English
Published: Washington, DC : Headquarters, Dept. of the Army, [1993-]
Series:Army regulation ; no. 210-5
Subjects:

MARC

Tag First Indicator Second Indicator Subfields
LEADER 00000cam a2200000 a 4500
001 in00001142425
005 20151001051050.0
008 930624m19939999dcua f000 0 eng d
010 |a gp 93082054  
035 |a (OCoLC)28320710 
035 |9 AGB9862AM 
037 |a PIN:032021-000  |b DA 
040 |a GPO  |c GPO  |d DLC  |d UtOrBLW 
043 |a n-us-dc  |a n-us-md  |a n-us-va 
074 |a 0323 
086 0 |a D 101.9:210-5 
110 1 |a United States.  |b Department of the Army. 
245 1 0 |a Planning procedures for construction projects in the National Capital Region :  |b installations. 
264 1 |a Washington, DC :  |b Headquarters, Dept. of the Army,  |c [1993-] 
300 |a 1 volume (loose-leaf) :  |b illustrations ;  |c 28 cm. 
336 |a text  |b txt  |2 rdacontent 
337 |a unmediated  |b n  |2 rdamedia 
338 |a volume  |b nc  |2 rdacarrier 
490 1 |a Army regulation ;  |v no. 210-5 
500 |a Caption title. 
500 |a Shipping list number: 93-0313-P. 
500 |a "30 June 1977." 
650 0 |a Building  |z Washington Metropolitan Area. 
650 0 |a Building  |z Washington Region. 
650 0 |a Construction industry  |z Washington Metropolitan Area  |x Planning. 
650 0 |a Construction industry  |z Washington Region  |x Planning. 
740 0 |a Installations: planning procedures for construction projects in the National Capital Region. 
810 1 |a United States.  |b Department of the Army.  |t Army regulation ;  |v no. 210-5. 
999 |a MARS 
999 f f |s f941ee23-0e1f-3797-aa03-bfca975d6ab5  |i b42799ae-e1f0-3dcb-a927-f557b305fb28  |t 0 
952 f f |p normal  |a Texas A&M University  |b College Station  |c Sterling C. Evans Library  |d Evans: US Documents (Annex 5th floor)  |t 0  |e D 101.9:200-220  |h Superintendent of Documents classification  |i unmediated -- volume  |m A14821689793 
952 f f |a Texas A&M University  |b College Station  |c Sterling C. Evans Library  |d Evans: US Documents (Annex 5th floor)  |t 0  |e D 101.9:200-220  |h Superintendent of Documents classification 
998 f f |a D 101.9:200-220  |s 200-1/997,2,3,210-1,5,9,10/982,15,21/997,24,25,30,47/969,50,52,55,60,130,135,174,215-6/987,220-1,5/991,9/979,10/973,15/983,55,58,90  |t 0  |l Evans: US Documents (Annex 5th floor)